000 00545nam a2200193Ii 4500
003 JO-AjNU
008 230606s9999||||xx |||||||||||||| ||und||
040 _aJO-AjNU
_beng
_erda
_cJO-AjNU
041 _aeng
050 1 4 _aQA76.9.2009
100 3 _aUmeh,Jude,
_eauthor
_91260
245 0 4 _aThe World Beyond Digital Rights Management
264 3 1 _aBCS
300 _a281p
336 _atext
_btxt
_2rdacontent
337 _aunmediated
_bn
_2rdamedia
338 _avolume
_bnc
_2rdacarrier
650 4 _aInternet industry -- Security measures. 
_91261
999 _aE664
_c664
_d664